A képiség szótára
Elmentve itt :
| Szerző: | |
|---|---|
| Adatforrás: | Philobibl |
| Forrásdokumentuma: | Többlet 11.2019:1. 114-118. p. |
| Dokumentumtípus: | Cikk |
| Nyelv: | magyar |
| Kulcsszavak: | kép képtelenség képiség |
| LEADER | 00338nab a2200133 c 4500 | ||
|---|---|---|---|
| 001 | bibPHI00000095 | ||
| 005 | 20220124103110.5 | ||
| 008 | 220124s2019 rm 00010 hun d | ||
| 100 | 1 | |a Fám Erika | |
| 245 | 1 | 2 | |a A képiség szótára |c Fám Erika |
| 695 | |a kép | ||
| 695 | |a képtelenség | ||
| 695 | |a képiség | ||
| 773 | 0 | |t Többlet |g 11.2019:1. 114-118. p. | |